• 首页
  • 本馆介绍
  • 公告通知
  • 最新文献
  • 馆藏检索
  • 电子资源
  • 读者导购
  • 参考咨询
  • 我的图书馆
  • 登录
  • 详细信息显示
  • 放入我的书架
  • 预约/预借图书
  • 作者相关作品
  • 分类相关作品
  • 丛书相关作品
  • 出版社相关作品

书目信息

  • 表格格式
  • 工作单格式
  • 卡片格式
题名:
西安事变与周恩来同志
    
 
作者: 罗瑞卿 著
分册:  
出版信息: 北京   人民出版社  1978
页数: 101页
开本: 20cm
丛书名:
单 册:
中图分类: K264.8
科图分类:
主题词: 西安事变(1936)--史料
电子资源:
ISBN:
000 00651nam0 2200229 45
001 0178002507
005 20060817154743.64
010    @dCNY0.31
091    @aCN@b3001.1679
100    @a19950725d1978 em y0chiy0121 ea
101 0  @achi
102    @aCN@b110000
105    @af z 000yd
200 10 @a西安事变与周恩来同志@Axi an shi bian yu zou fen lai tong zhi@f罗瑞卿等著@Fluo rui qing deng zhu
210    @a北京@c人民出版社@d1978
215    @a101页@c照片@d20cm
600  0 @a周恩来@x回忆录
606    @a西安事变(1936)@x史料
690    @aK264.8@v3
701  0 @a罗瑞卿@Aluo rui qing@4著
801  0 @aCN@bTSSF@c20060817
905    @a10447@dK264.8@e1
    
    西安事变与周恩来同志/罗瑞卿等著.-北京:人民出版社,1978
    101页:照片;20cm
    
    
    ISBN :CNY0.31
    
●
相关链接 在E读中查询图书 在五车中查询图书 在当当中查询图书 在豆瓣中查询图书


正题名:西安事变与周恩来同志     索取号:K264.8/1         预约/预借

序号 登录号 条形码 馆藏地/架位号 状态 备注
1 0002722   202247808   第二样本阅览室/ [索取号:K264.8/1] 在馆    
2 0466348   204663480   密集书库/ [索取号:K264.8/1] 在馆    
唐山师范学院图书馆 欢迎您!
大连网信软件有限公司© 版权所有